Macht euern Dreck alleene! : Anekdoten von Sachsens letztem König, Friedrich August III.

Saved in:
Bibliographic Details
Main Author: Frederick Augustus III, King of Saxony, 1865-1932.
Format: Book
Language:German
Published: Berlin : Eulenspiegel, 2001.
Edition:2. Aufl.
Subjects:
Tags: Add Tag
No Tags, Be the first to tag this record!
LEADER 00860cam a2200265Ia 4500
001 009368024-4
005 20061207111748.0
008 021011s2001 gw 000 0 ger d
020 |a 3359013042 (hd. bd.) 
035 0 |a ocm50780553 
040 |a OHX  |c OHX  |d OCLCQ  |d TEF 
043 |a e-gx--- 
050 4 |a DD801.S44  |b F74 2001 
072 7 |a DD  |2 lcco 
090 |a DD801.S44  |b F74 2001 
100 0 |a Frederick Augustus  |b III,  |c King of Saxony,  |d 1865-1932. 
245 1 0 |a Macht euern Dreck alleene! :  |b Anekdoten von Sachsens letztem König, Friedrich August III. 
250 |a 2. Aufl. 
260 |a Berlin :  |b Eulenspiegel,  |c 2001. 
300 |a 110 p. ;  |c 18 cm. 
600 0 0 |a Frederick Augustus  |b III,  |c King of Saxony,  |d 1865-1932  |v Anecdotes. 
651 0 |a Saxony (Germany)  |x Kings and rulers  |v Anecdotes. 
655 7 |a Anecdotes.  |2 fast 
988 |a 20040520 
906 |0 OCLC